[Event "Hamburger SK - SF Berghofen"]
[Site "Dittrichshuette"]
[Date "2004.12.29"]
[Round "4.1"]
[White "Babczyk, Adrian"]
[Black "Bracker, Frank"]
[Result "1/2-1/2"]
[WhiteElo "1940"]
[BlackElo "1905"]
[PlyCount "144"]
[EventDate "2004.??.??"]

1. e4 c5 2. d4 cxd4 3. c3 Nf6 4. e5 Nd5 5. cxd4 e6 6. Nc3 Nxc3 7. bxc3 Qc7 8.
Qb3 d6 9. Nf3 Nd7 10. exd6 Bxd6 11. Bd3 b6 12. Be4 Bb7 13. Bxb7 Qxb7 14. O-O
O-O 15. Re1 Qc7 16. Bd2 Rac8 17. h3 Qc4 18. Rac1 Nf6 19. Ne5 Bxe5 20. Rxe5 Nd5
21. Rg5 Rc7 22. Rg3 Kh8 23. Qb2 Rfc8 24. Re1 b5 25. Rb1 a6 26. Re1 Qa4 27. Rd3
b4 28. cxb4 Rc2 29. Qb3 Qxa2 30. Be3 h6 31. Qxa2 Rxa2 32. Rd2 Rxd2 33. Bxd2 Rc4
34. Rb1 Rxd4 35. Rb2 $11 Kg8 36. g3 Kf8 37. Be3 Nxe3 38. fxe3 Rd3 39. Kf2 Ra3
40. b5 axb5 41. Rxb5 Ke7 42. Kf3 Kf6 43. Rc5 Rd3 44. Ra5 Rd5 45. Ra4 Rh5 46. h4
Rf5+ 47. Kg2 h5 48. Rb4 g6 49. Ra4 Rc5 50. Kf3 Rc6 51. Rb4 e5 52. Ra4 Ke6 53.
Rb4 Kf6 54. Ra4 g5 55. hxg5+ Kxg5 56. Ra5 f6 57. Ra8 f5 58. Rg8+ Rg6 59. Rh8
Rg7 60. Re8 e4+ 61. Kg2 h4 62. gxh4+ Kxh4+ 63. Kf2 Kg4 64. Rf8 Rg6 65. Rf7 Rb6
66. Rg7+ Kh5 67. Rg8 Rb2+ 68. Kg3 Rb6 69. Kf4 Rb8 70. Rg5+ Kh6 71. Rxf5 Rb4 72.
Re5 Kg7 1/2-1/2

[Event "Hamburger SK - SF Berghofen"]
[Site "Dittrichshuette"]
[Date "2004.12.29"]
[Round "4.2"]
[White "Bracker, Arne"]
[Black "Strathoff, Martin"]
[Result "0-1"]
[WhiteElo "1761"]
[BlackElo "1937"]
[PlyCount "64"]
[EventDate "2004.??.??"]

1. d4 d5 2. c4 e6 3. Nc3 Nf6 4. Bg5 Be7 5. e3 h6 6. Bh4 O-O 7. Nf3 b6 8. Qb3
Bb7 9. Bxf6 Bxf6 10. cxd5 Bxd5 11. Nxd5 Qxd5 12. Bc4 Qa5+ 13. Ke2 Qh5 14. Bd3
Nd7 15. g4 Qxg4 16. Qb5 e5 17. Rhg1 Qe6 18. Be4 Rad8 19. dxe5 Bxe5 20. Rg6 Qe7
21. Rg4 Nc5 22. Rag1 Bf6 23. Bb1 Rd5 24. Qc4 Qe6 25. b4 Na4 26. Qc2 Nc3+ 27.
Kf1 Rd1+ 28. Ne1 Rxb1 29. Rxg7+ Bxg7 30. Qxc3 Qh3+ 31. Ke2 Qh5+ 32. f3 Qxh2+
0-1

[Event "Hamburger SK - SF Berghofen"]
[Site "Dittrichshuette"]
[Date "2004.12.29"]
[Round "4.3"]
[White "Tkachuk, Konstantyn"]
[Black "Salenko, Vadym"]
[Result "1-0"]
[WhiteElo "1834"]
[BlackElo "1786"]
[PlyCount "99"]
[EventDate "2004.??.??"]

1. e4 c5 2. Nf3 Nc6 3. d4 cxd4 4. Nxd4 e5 5. Nf3 Nf6 6. Nc3 Bb4 7. Bc4 d6 8.
Bg5 O-O 9. O-O Bxc3 10. bxc3 Be6 11. Bb3 Rc8 12. Qd3 Qc7 13. Bxf6 gxf6 14. Rfe1
Rfd8 15. Nh4 Na5 16. Qf3 Qe7 17. Rad1 Nc4 18. Nf5 Bxf5 19. exf5 Qc7 20. Qg4+
Kf8 21. Qh5 b5 22. Qxh7 Qb7 23. Qh4 Ke7 24. Rd3 Rh8 25. Qg4 Rhg8 26. Qf3 Qxf3
27. Rxf3 d5 28. h3 a5 29. Rd3 Rgd8 30. g4 a4 31. Bxc4 Rxc4 32. Red1 a3 33. Rb1
d4 34. Rxb5 e4 35. Rxd4 Rdxd4 36. cxd4 Rxc2 37. Rb7+ Ke8 38. Ra7 Rxa2 39. d5
Rd2 40. Rxa3 Rxd5 41. Re3 Re5 42. Kg2 Ke7 43. f3 exf3+ 44. Kxf3 Kd6 45. Rxe5
fxe5 46. Ke4 f6 47. h4 Ke7 48. g5 Kf7 49. gxf6 Kxf6 50. h5 1-0

[Event "Hamburger SK - SF Berghofen"]
[Site "Dittrichshuette"]
[Date "2004.12.29"]
[Round "4.4"]
[White "Held, Florian"]
[Black "Behling, Paul"]
[Result "1-0"]
[WhiteElo "1734"]
[BlackElo "1340"]
[PlyCount "77"]
[EventDate "2004.??.??"]

1. e4 c5 2. Nf3 e6 3. Nc3 Nf6 4. e5 Nd5 5. Nxd5 exd5 6. d4 d6 7. exd6 Bxd6 8.
Be2 c4 9. O-O O-O 10. Bg5 Be7 11. Bxe7 Qxe7 12. Re1 Be6 13. Qd2 h6 14. Ne5 Re8
15. Bh5 Qf8 16. Re2 Nd7 17. Bxf7+ Bxf7 18. Nxd7 Rxe2 19. Qxe2 Qe8 20. Qxe8+
Bxe8 21. Ne5 a5 22. Re1 b5 23. Ng4 Bg6 24. Re5 Re8 $11 25. Rxe8+ Bxe8 26. Ne5
a4 27. a3 g5 28. c3 Kg7 29. f3 Kf6 30. g4 Ke6 31. Kg2 Kf6 32. Kg3 Ke6 33. f4
Kf6 34. h4 gxf4+ 35. Kxf4 h5 36. g5+ Kg7 37. Kf5 Kf8 38. g6 Kg7 39. Kg5 1-0

[Event "TSV Schott Mainz - SF Brackel"]
[Site "Dittrichshuette"]
[Date "2004.12.29"]
[Round "4.1"]
[White "Luft, Dennis"]
[Black "Armbrust, Florian"]
[Result "0-1"]
[WhiteElo "1826"]
[BlackElo "2184"]
[PlyCount "54"]
[EventDate "2004.??.??"]

1. e4 c5 2. Nf3 d6 3. d4 cxd4 4. Nxd4 Nf6 5. Nc3 Nc6 6. Bg5 e6 7. f4 Be7 8. Nb3
O-O 9. Qf3 a6 10. O-O-O Qc7 11. g4 b5 12. Bd3 b4 13. Ne2 a5 14. h4 a4 15. Nd2
b3 16. axb3 axb3 17. Nxb3 Na5 18. Nxa5 Qxa5 19. h5 Bb7 20. Nc3 d5 21. Bxf6 Bxf6
22. e5 Be7 23. g5 d4 24. Bxh7+ Kxh7 25. g6+ Kg8 26. gxf7+ Rxf7 27. Qxb7 dxc3
0-1

[Event "TSV Schott Mainz - SF Brackel"]
[Site "Dittrichshuette"]
[Date "2004.12.29"]
[Round "4.2"]
[White "Fragin, Ilja"]
[Black "Heyden, Jonas"]
[Result "0-1"]
[WhiteElo "1853"]
[BlackElo "1849"]
[PlyCount "50"]
[EventDate "2004.??.??"]

1. e4 e5 2. f4 d5 3. exd5 e4 4. d3 Nf6 5. Nc3 Bb4 6. Bd2 e3 7. Bxe3 O-O 8. Be2
Re8 9. Bd2 Nxd5 10. Nxd5 Qxd5 11. Nf3 Bc5 12. d4 Bxd4 13. Bb4 Qc4 14. c3 Bb6
15. Qd2 Bg4 16. Kd1 Qe6 17. h3 Bf5 18. Ne5 Qf6 19. Bd3 c5 20. Ba3 Bxd3 21. Nxd3
c4 22. Re1 Nc6 23. Nc5 Bxc5 24. Bxc5 Red8 25. Qxd8+ Rxd8+ 0-1

[Event "TSV Schott Mainz - SF Brackel"]
[Site "Dittrichshuette"]
[Date "2004.12.29"]
[Round "4.3"]
[White "Zeldin, Leonid"]
[Black "Khalat, David"]
[Result "1/2-1/2"]
[WhiteElo "1817"]
[BlackElo "1637"]
[PlyCount "96"]
[EventDate "2004.??.??"]

1. e4 d5 2. exd5 Nf6 3. d4 Nxd5 4. c4 Nb6 5. Nf3 Bg4 6. Be3 Nc6 7. Be2 e6 8.
O-O Be7 9. h3 Bh5 10. Nc3 O-O 11. Rc1 Bg6 12. a3 a5 13. d5 exd5 14. Nxd5 Nxd5
15. Qxd5 Bf6 16. Qb5 Qc8 17. Rfd1 Na7 18. Bxa7 Rxa7 19. Nd4 Rd8 20. Bg4 Qb8 21.
Nf3 h5 22. Bd7 c6 23. Bxc6 bxc6 24. Rxd8+ Qxd8 25. Qxc6 Bxb2 26. Re1 Re7 27.
Rxe7 Qxe7 28. Qa8+ Qf8 29. Qxa5 Qxa3 30. Qd8+ Qf8 31. Qd5 Qc8 32. c5 Bf6 33. c6
$11 Bd8 34. Ne5 Kh7 35. Nxf7 Bxf7 36. Qxf7 Qxc6 37. Qxh5+ Qh6 38. Qd5 Bf6 39.
Qf3 Qc1+ 40. Kh2 Qc7+ 41. g3 Qe5 42. Kg2 Qg5 43. Qd3+ Qg6 44. Qxg6+ Kxg6 45.
Kf3 Kg5 46. Ke4 Bc3 47. f4+ Kh5 48. Kf3 Bf6 1/2-1/2

[Event "TSV Schott Mainz - SF Brackel"]
[Site "Dittrichshuette"]
[Date "2004.12.29"]
[Round "4.4"]
[White "Katte, Nicolas"]
[Black "Sennholz, Michael"]
[Result "1/2-1/2"]
[WhiteElo "1663"]
[BlackElo "1572"]
[PlyCount "84"]
[EventDate "2004.??.??"]

1. d4 Nf6 2. Nf3 g6 3. Bf4 d6 4. h3 Bg7 5. e3 Nbd7 6. Be2 O-O 7. c4 c5 8. Nc3
Qa5 9. O-O a6 10. Qd2 Rb8 11. Nd5 Qd8 12. dxc5 Nxc5 13. Nxe7+ Qxe7 14. Bxd6
Nce4 15. Bxe7 Nxd2 16. Nxd2 Re8 17. Bb4 Bf5 18. Bc3 Red8 19. Nf3 Rbc8 20. Rad1
Bc2 21. Rxd8+ Rxd8 22. Rc1 Bf5 23. Nd4 Ne4 24. Nxf5 Bxc3 25. Ne7+ Kf8 26. Nxg6+
hxg6 27. bxc3 Rd2 28. Bf3 Nxf2 29. Bxb7 Rxa2 30. Bxa6 Nxh3+ 31. gxh3 Rxa6 32.
Kf2 Rc6 $11 33. Rd1 Rxc4 34. Rd3 Ke7 35. Kf3 Ke6 36. e4 Ke5 37. h4 Rxe4 38. Re3
Rxe3+ 39. Kxe3 f5 40. Kf3 Kd5 41. Ke3 Kc4 42. Kd2 Kc5 1/2-1/2

[Event "SC Tamm 74 - USG Chemmnitz"]
[Site "Dittrichshuette"]
[Date "2004.12.29"]
[Round "4.1"]
[White "Schaetz, Christopher"]
[Black "Lange, Jan-David"]
[Result "0-1"]
[WhiteElo "1582"]
[BlackElo "1866"]
[PlyCount "82"]
[EventDate "2004.??.??"]

1. e4 e6 2. d4 d5 3. Nc3 Bb4 4. e5 c5 5. a3 Bxc3+ 6. bxc3 Ne7 7. f4 Nbc6 8. Nf3
Bd7 9. Be2 Qc7 10. O-O c4 11. Qd2 O-O-O 12. a4 h5 13. Ba3 f6 14. Bd6 Qa5 15.
Rfb1 Nf5 16. Bb4 Qc7 17. Rb2 Nxb4 18. Rxb4 Bc6 19. Qe1 Qe7 20. Bf1 Rdg8 21.
Rbb1 h4 22. Qf2 Qf7 23. exf6 gxf6 24. Re1 Ng3 25. Qe3 Ne4 26. Nd2 f5 27. Nf3
Qe8 28. a5 h3 29. g3 Qh5 30. Ne5 Bb5 31. Reb1 a6 32. Qe1 Rg7 33. Be2 Qh6 34.
Bf3 Qxf4 35. Rxb5 axb5 36. a6 Kc7 37. a7 Ra8 38. Kh1 Qd2 39. Qb1 Rxg3 40. Bxe4
fxe4 41. Qf1 Qg2+ 0-1

[Event "SC Tamm 74 - USG Chemmnitz"]
[Site "Dittrichshuette"]
[Date "2004.12.29"]
[Round "4.2"]
[White "Andraschko, Felix"]
[Black "Bruesch, Robert"]
[Result "1-0"]
[WhiteElo "1668"]
[BlackElo "1625"]
[PlyCount "53"]
[EventDate "2004.??.??"]

1. d4 d5 2. Nf3 Nf6 3. e3 e6 4. Bd3 c5 5. b3 Nc6 6. O-O Be7 7. Bb2 a6 8. Nbd2
cxd4 9. exd4 Qc7 10. a3 O-O 11. Ne5 h6 12. f4 Qb6 13. Ndf3 Bd6 14. Qe2 Nd7 15.
g4 Ndxe5 16. fxe5 Be7 17. Kh1 Qd8 18. Rg1 g6 19. Bc1 Kg7 20. Qe3 Rh8 21. Rg3
Bg5 22. Nxg5 Qxg5 23. Qxg5 hxg5 24. Bxg5 b5 25. Rf3 Bb7 26. Raf1 Rhf8 27. Be7 {
Notation nicht nachvollziehbar} 1-0

[Event "SC Tamm 74 - USG Chemmnitz"]
[Site "Dittrichshuette"]
[Date "2004.12.29"]
[Round "4.3"]
[White "Oertel, Thomas"]
[Black "Doering, Andreas"]
[Result "1/2-1/2"]
[WhiteElo "1613"]
[BlackElo "1625"]
[PlyCount "82"]
[EventDate "2004.??.??"]

1. e4 e6 2. d4 d5 3. Nc3 Bb4 4. exd5 exd5 5. Bd3 Nf6 6. Nge2 Bg4 7. f3 Bh5 8.
O-O O-O 9. Bg5 c6 10. Nf4 Bg6 11. Nxg6 fxg6 12. Ne2 Nbd7 13. Nf4 Re8 14. c3 Bd6
15. Qd2 Qc7 16. g3 Nf8 17. Rae1 Kf7 18. c4 Ne6 19. Nxe6 Rxe6 20. Rxe6 Kxe6 21.
c5 Be7 22. b4 Kf7 23. Re1 Re8 24. Bf4 Qd8 25. Kf2 Nd7 26. b5 Bf6 27. Bf1 Rxe1
28. Kxe1 Qe7+ 29. Qe3 Nf8 30. Kd2 Ne6 31. Be5 Bxe5 32. Qxe5 Qf6 33. Qxf6+ gxf6
34. Ke3 Ke7 35. a4 Kd7 36. a5 cxb5 37. Bxb5+ Kc7 38. Be8 Nd8 39. h4 Nc6 40. Bf7
Ne7 41. g4 h6 1/2-1/2

[Event "SC Tamm 74 - USG Chemmnitz"]
[Site "Dittrichshuette"]
[Date "2004.12.29"]
[Round "4.4"]
[White "Jannes, Alexander"]
[Black "Klebanov, Andrej"]
[Result "1-0"]
[WhiteElo "1513"]
[BlackElo "1598"]
[PlyCount "127"]
[EventDate "2004.??.??"]

1. d4 Nf6 2. c4 g6 3. Nc3 Bg7 4. e4 d6 5. Nf3 Bg4 6. h3 Bxf3 7. Qxf3 Nbd7 8.
Be3 O-O 9. Rd1 e5 10. d5 Nh5 11. Bd3 b6 12. a3 Nc5 13. Bb1 Qd7 14. Bg5 Bh8 15.
g4 Ng7 16. Bf6 Ne8 17. Bxh8 Kxh8 18. b4 Nb7 19. h4 Qe7 20. Bc2 Qf6 21. Qxf6+
Nxf6 22. f3 a5 23. b5 Nc5 24. Kd2 Kg7 25. Rdf1 Rae8 26. Rhg1 h5 27. a4 Rh8 28.
g5 Nfd7 29. Ne2 Rhf8 30. Nc1 f6 31. gxf6+ Rxf6 32. Nd3 Ref8 33. Nxc5 Nxc5 34.
Ke3 Rf4 35. Rh1 Kh6 36. Rh3 g5 37. hxg5+ Kxg5 38. Rfh1 h4 39. Rg1+ Kh6 40. Rgh1
Kh5 41. Rg1 Nb7 42. Rg7 R8f7 43. Rxf7 Rxf7 44. Bd1 Rf6 45. f4+ Kg6 46. fxe5
dxe5 47. Rxh4 Rf1 $11 48. Ke2 Rf4 49. Rxf4 exf4 50. Kf3 Kg5 51. e5 Kf5 52. e6
Nd6 53. Be2 Kg5 54. Bd3 Ne8 55. Ke4 Nf6+ 56. Ke5 Ng4+ 57. Kd4 Nf6 58. e7 Ne8
59. Ke5 Ng7 60. d6 cxd6+ 61. Kxd6 Kf6 62. Kd7 Kf7 63. c5 bxc5 64. Bc4+ 1-0

[Event "Heilbronner SV - Johanneum Eppendorf"]
[Site "Dittrichshuette"]
[Date "2004.12.29"]
[Round "4.1"]
[White "Huschenbeth, Niclas"]
[Black "Geschnizjani, Ramin Tobias"]
[Result "0-1"]
[WhiteElo "1966"]
[BlackElo "1806"]
[PlyCount "78"]
[EventDate "2004.??.??"]

1. e4 c6 2. Nc3 d5 3. Nf3 dxe4 4. Nxe4 Nf6 5. Nxf6+ gxf6 6. d4 Bf5 7. c3 e6 8.
g3 Bd6 9. Bg2 Qc7 10. O-O Nd7 11. Nh4 Bg6 12. f4 f5 13. Bf3 O-O-O 14. Qe2 Be7
15. Ng2 h5 16. h4 Nf6 17. Kh2 Rdg8 18. Ne3 Ne4 19. Rg1 Bh7 20. Nf1 Qd8 21. Qe1
Rg7 22. Be3 Rhg8 23. Rg2 Qc7 24. Kh3 f6 $11 25. b4 Qd7 26. Kh2 Bd6 27. c4 e5
28. c5 exf4 29. gxf4 Rxg2+ 30. Bxg2 Qg7 31. Qe2 Bb8 32. Bf3 Qh6 33. Bxe4 Bxf4+
34. Kh1 fxe4 35. Bxf4 Qxf4 36. Nh2 e3 37. Nf3 Be4 38. Rf1 Qxh4+ 39. Qh2 Bxf3+
0-1

[Event "Heilbronner SV - Johanneum Eppendorf"]
[Site "Dittrichshuette"]
[Date "2004.12.29"]
[Round "4.2"]
[White "Luo, Xinping"]
[Black "Moshtael, Wesal"]
[Result "0-1"]
[WhiteElo "1696"]
[BlackElo "1902"]
[PlyCount "82"]
[EventDate "2004.??.??"]

1. e4 c5 2. Nf3 Nc6 3. d4 cxd4 4. Nxd4 Nf6 5. Nc3 e5 6. Ndb5 d6 7. Nd5 Nxd5 8.
exd5 Nb8 9. c4 a6 10. Nc3 Be7 11. Be2 O-O 12. O-O f5 13. f4 Nd7 14. g3 exf4 15.
gxf4 Rf6 16. Be3 Rh6 17. Rf2 Bf6 18. Rc1 Qe7 19. Qd2 b6 20. Bf1 Nc5 21. Bxc5
bxc5 22. Re2 Qf7 23. a3 Bd7 24. b4 Bd4+ 25. Kh1 Qh5 26. bxc5 Bxc5 27. Rce1 Re8
28. Rxe8+ Bxe8 29. Qe2 Qxe2 30. Rxe2 Bh5 31. Re7 Rg6 32. Bg2 Bf3 33. Re2 Bxe2
34. Nxe2 Bxa3 35. Kg1 Rf6 36. Kf1 Rf8 37. Nc3 Rc8 38. Nb1 Bc1 39. Ke2 Rxc4 40.
Kd3 Rxf4 41. Nc3 Rf2 0-1

[Event "Heilbronner SV - Johanneum Eppendorf"]
[Site "Dittrichshuette"]
[Date "2004.12.29"]
[Round "4.3"]
[White "Schmidt, Armin"]
[Black "Haeusinger, Benjamin"]
[Result "1-0"]
[WhiteElo "1791"]
[BlackElo "1386"]
[PlyCount "127"]
[EventDate "2004.??.??"]

1. e4 c6 2. d4 d5 3. Nc3 dxe4 4. Nxe4 Bf5 5. Ng3 Bg6 6. h4 h5 7. Nf3 Nd7 8. Bd3
Bxd3 9. Qxd3 Ngf6 10. Bd2 e6 11. O-O-O Qc7 12. Kb1 O-O-O 13. Qe2 c5 14. Ne5
Nxe5 15. dxe5 Ng4 16. f4 Be7 17. Ne4 Rd4 18. g3 Qc6 19. Nc3 Rhd8 20. Nb5 Rxd2
21. Nxa7+ Kc7 22. Nxc6 Rxe2 23. Nxd8 Bxd8 24. Rhe1 Re3 25. Rxe3 Nxe3 26. Rd3
Nf5 27. Kc1 Be7 28. c4 f6 29. Kd2 Nd4 30. Ke3 Kc6 31. Ke4 f5+ 32. Ke3 Bd8 33.
Kf2 b5 34. cxb5+ Kxb5 35. Ra3 Ba5 36. Rd3 Bb4 37. a3 Ba5 38. b4 Bb6 39. bxc5
Bxc5 40. Rc3 Kc6 41. Kg2 Nb5 42. Rd3 Kc7 43. a4 Nd4 44. Rd1 Kb6 45. Rb1+ Kc7
$11 46. a5 Nc6 47. a6 Nb4 48. a7 Kb7 49. Rd1 Nd5 50. a8=Q+ Kxa8 51. Rc1 Be7 52.
Rc8+ Kb7 53. Rg8 Bxh4 54. gxh4 Nxf4+ 55. Kg3 Nd3 56. Rxg7+ Kc6 57. Rh7 Nxe5 58.
Rxh5 Kd6 59. Rh7 Ng6 60. Rg7 Nf8 61. Kf4 Kd5 62. h5 e5+ 63. Kxf5 e4 64. Re7 1-0

[Event "Heilbronner SV - Johanneum Eppendorf"]
[Site "Dittrichshuette"]
[Date "2004.12.29"]
[Round "4.4"]
[White "Durmisi, Valon"]
[Black "Wenzel, Birger"]
[Result "1/2-1/2"]
[WhiteElo "1122"]
[BlackElo "1660"]
[PlyCount "57"]
[EventDate "2004.??.??"]

1. e4 c5 2. Nf3 e6 3. d4 cxd4 4. Nxd4 a6 5. Nc3 b5 6. f3 Bb7 7. b3 Bc5 8. Bb2
Qb6 9. Nce2 Nc6 10. Qd2 Nf6 11. g3 O-O 12. O-O-O e5 13. Nf5 g6 14. Kb1 $11 Ne8
15. Nh6+ Kg7 16. Ng4 d6 17. Qh6+ Kg8 18. f4 f5 19. exf5 Rxf5 20. fxe5 Nxe5 21.
Nxe5 Rxe5 22. Rg1 Rxe2 23. Bxe2 Bxg1 24. Rf1 Bf2 25. Qf4 Qc7 26. Rxf2 Ng7 27.
a4 Rc8 28. Ka1 bxa4 29. Qxa4 1/2-1/2

[Event "Sfr. Neuberg - SK Kelheim"]
[Site "Dittrichshuette"]
[Date "2004.12.29"]
[Round "4.1"]
[White "Schiller, Stefan"]
[Black "Knickel, Aaron"]
[Result "0-1"]
[WhiteElo "1819"]
[BlackElo "1931"]
[PlyCount "38"]
[EventDate "2004.??.??"]

1. d4 Nf6 2. c4 d6 3. Nc3 Nbd7 4. e4 e5 5. Nf3 g6 6. Bg5 Bg7 7. Be2 O-O 8. Qd2
c6 9. h4 Qb6 10. d5 cxd5 11. cxd5 Ng4 12. Bd1 Nc5 13. O-O h6 14. Be3 Nxe3 15.
Qxe3 f5 16. exf5 gxf5 17. h5 e4 18. Nh4 Qxb2 19. Rc1 f4 0-1

[Event "Sfr. Neuberg - SK Kelheim"]
[Site "Dittrichshuette"]
[Date "2004.12.29"]
[Round "4.2"]
[White "Weber, Max"]
[Black "Eibl, Maximilian"]
[Result "1-0"]
[WhiteElo "1877"]
[BlackElo "1780"]
[PlyCount "59"]
[EventDate "2004.??.??"]

1. c4 Nf6 2. Nc3 c5 3. e4 Nc6 4. Nf3 d6 5. d4 Bg4 6. d5 Ne5 7. Qa4+ Bd7 8. Qc2
Nxf3+ 9. gxf3 g6 10. Bd3 Bg7 11. f4 a6 12. Bd2 O-O 13. a4 b6 14. Rg1 Re8 15. f5
Kh8 16. O-O-O Rg8 17. fxg6 fxg6 18. f4 Bg4 19. Rde1 Bh5 20. h3 Nd7 21. Ne2 Bxe2
22. Rxe2 Qe8 23. h4 e5 24. dxe6 Qxe6 25. f5 gxf5 26. exf5 Qf7 27. Be4 Rae8 28.
Bd5 Qh5 29. Reg2 Ne5 30. f6 1-0

[Event "Sfr. Neuberg - SK Kelheim"]
[Site "Dittrichshuette"]
[Date "2004.12.29"]
[Round "4.3"]
[White "Braeutigam, Markus"]
[Black "Seifert, Christopher"]
[Result "1/2-1/2"]
[WhiteElo "1581"]
[BlackElo "1849"]
[PlyCount "108"]
[EventDate "2004.??.??"]

1. c4 Nf6 2. Nc3 e6 3. d3 d5 4. cxd5 exd5 5. Nf3 d4 6. Ne4 c5 7. Bg5 Be7 8.
Bxf6 Bxf6 9. Nfd2 Be7 10. g3 f5 11. Nxc5 Bxc5 12. Bg2 Qe7 13. O-O O-O 14. Qb3+
Kh8 15. Rfe1 Nd7 16. a3 Nf6 17. Rac1 Rb8 18. Qc2 Bd6 19. Nf3 Rd8 20. e3 dxe3
21. Rxe3 Qf8 22. d4 Bd7 23. Ne5 Ng4 24. Ree1 Rbc8 25. Qd2 Nxe5 26. dxe5 Bc5 27.
Qe2 Re8 28. Bxb7 Rb8 29. Ba6 f4 30. gxf4 Qxf4 31. Rxc5 Rb6 32. Bd3 Rh6 33. f3
Qd4+ 34. Qe3 Qxb2 35. Bc2 Qb6 36. Rb1 Qd8 37. Rc4 Rhe6 38. Qe4 g6 39. Kf2 Rxe5
40. Qd4 Kg8 41. Bd3 Bf5 42. Qxd8 Rxd8 43. Bxf5 Rxf5 44. Rb7 Rdf8 45. Rc3 a5 46.
Kg2 Rg5+ 47. Kf2 Rgf5 48. Ke2 Rh5 49. Rcc7 Rxh2+ 50. Ke3 Rh5 51. f4 Re8+ 52.
Kf3 Rf8 53. Ke3 Re8+ 54. Kf3 Rf8 1/2-1/2

[Event "Sfr. Neuberg - SK Kelheim"]
[Site "Dittrichshuette"]
[Date "2004.12.29"]
[Round "4.4"]
[White "Hummel, Dennis"]
[Black "Pokorny, Fabian"]
[Result "0-1"]
[WhiteElo "1372"]
[BlackElo "1336"]
[PlyCount "119"]
[EventDate "2004.??.??"]

1. e3 c5 2. Nf3 d6 3. d4 cxd4 4. exd4 Nf6 5. Bd3 g6 6. O-O Bg7 7. c3 O-O 8. Na3
Nbd7 9. Bf4 a6 10. Qd2 b5 11. Bh6 Bb7 12. Bxg7 Kxg7 13. Qe2 Nb6 14. Nd2 Rc8 15.
f4 Qd7 16. Nc2 Rc7 17. Ne4 Nxe4 18. Bxe4 Bxe4 19. Qxe4 Nc4 20. Rf2 Nxb2 21. Nb4
Na4 22. Nxa6 Rxc3 23. Nb4 Rc4 24. a3 Rfc8 25. Re2 Nc3 26. Qxe7 Nxe2+ 27. Qxe2
Rxd4 28. Qb2 Qa7 29. Rd1 Rcc4 30. Nc2 Rxc2 31. Qxd4+ Qxd4+ 32. Rxd4 Ra2 33.
Rxd6 Rxa3 34. Rb6 Ra5 35. Kf2 Kf8 36. g4 Ke7 37. Ke3 Kd7 38. Kd4 Ra4+ 39. Kd5
Rxf4 40. Rxb5 Rxg4 41. Rb7+ Ke8 42. Kd6 Kf8 43. Rb2 Kg7 44. Ke5 h5 45. Rf2 Rg5+
46. Ke4 f6 47. Rf4 Rg4 48. Rxg4 hxg4 49. Kf4 f5 50. Kg5 Kf7 51. Kf4 Kf6 52. Kg3
g5 53. Kf2 Ke5 54. Kg3 Ke4 55. Kf2 f4 56. Kg2 Ke3 57. Kg1 Ke2 58. Kh1 f3 59. h4
gxh3 60. Kg1 0-1

[Event "SC Kreuzberg - SV Saarbruecken"]
[Site "Dittrichshuette"]
[Date "2004.12.29"]
[Round "4.1"]
[White "Mueller, Reinhold"]
[Black "Figura, Atila Gajo"]
[Result "0-1"]
[WhiteElo "2048"]
[BlackElo "2222"]
[PlyCount "36"]
[EventDate "2004.??.??"]

1. d4 Nf6 2. c4 g6 3. Nc3 d5 4. Nf3 Bg7 5. Qb3 dxc4 6. Qxc4 O-O 7. e4 a6 8. e5
Nfd7 9. e6 fxe6 10. Qxe6+ Kh8 11. Qe4 Nc6 12. Be2 e5 13. dxe5 Ndxe5 14. Bf4 Bf5
15. Qd5 Nxf3+ 16. Bxf3 Qe7+ 17. Kf1 Rad8 18. Re1 Qb4 0-1

[Event "SC Kreuzberg - SV Saarbruecken"]
[Site "Dittrichshuette"]
[Date "2004.12.29"]
[Round "4.2"]
[White "Baumgardt, Laurin"]
[Black "Backes, Marco"]
[Result "1-0"]
[WhiteElo "1774"]
[BlackElo "1600"]
[PlyCount "61"]
[EventDate "2004.??.??"]

1. e4 e5 2. Nf3 Nc6 3. Bc4 Bc5 4. O-O Nf6 5. d4 Bxd4 6. Nxd4 Nxd4 7. f4 d6 8.
c3 Bg4 9. Qd2 Nc6 10. f5 Ne7 11. Qg5 d5 12. Bb3 Be2 13. Qxg7 Rg8 14. Qxf6 Bxf1
15. Kxf1 Nc6 16. Qxd8+ Rxd8 17. exd5 Ne7 18. Ba4+ c6 19. c4 Nxf5 20. Nc3 Rg6
21. Bc2 Rf6 22. Kg1 Nd4 23. Bxh7 cxd5 24. Bg5 Rb6 25. Bxd8 Kxd8 26. cxd5 Rxb2
27. Rb1 Rd2 28. Rxb7 f5 29. Rxa7 e4 30. Nxe4 fxe4 31. Bxe4 1-0

[Event "SC Kreuzberg - SV Saarbruecken"]
[Site "Dittrichshuette"]
[Date "2004.12.29"]
[Round "4.3"]
[White "Saken-Shaft, Nima"]
[Black "Krautschick, Clemens"]
[Result "0-1"]
[WhiteElo "1569"]
[BlackElo "1521"]
[PlyCount "82"]
[EventDate "2004.??.??"]

1. d4 d5 2. Bf4 Nf6 3. e3 e6 4. c4 Nbd7 5. Nc3 c6 6. Nf3 Be7 7. h3 O-O 8. Bd3
Re8 9. Rc1 Bb4 10. O-O Nf8 11. a3 Ba5 12. Qb3 Bc7 13. Be5 Bxe5 14. Nxe5 N6d7
15. Nxd7 Bxd7 16. Qc2 Rc8 17. Rfe1 e5 18. Qb3 exd4 19. exd4 Rxe1+ 20. Rxe1 Be6
21. cxd5 cxd5 22. Qxb7 Rb8 23. Qxa7 Rxb2 24. Rb1 Rxb1+ 25. Nxb1 Qc8 26. Qc5 Qa8
27. Nc3 Nd7 28. Qb4 g6 29. a4 Nb8 30. a5 Nc6 31. Qc5 Nxa5 32. Bb5 Nb3 33. Qb4
Qa1+ 34. Kh2 Na5 35. Ba4 Nc4 36. Bb3 Qb2 37. f3 Kg7 38. Kg3 Ne3 39. Na4 Qxg2+
40. Kf4 Nf5 41. Qe1 Qh2+ 0-1

[Event "SC Kreuzberg - SV Saarbruecken"]
[Site "Dittrichshuette"]
[Date "2004.12.29"]
[Round "4.4"]
[White "Tong, Lukas Fabian Chuan"]
[Black "Bastian, Ruben"]
[Result "0-1"]
[WhiteElo "965"]
[BlackElo "1507"]
[PlyCount "46"]
[EventDate "2004.??.??"]

1. d4 Nf6 2. Nc3 g6 3. e4 d6 4. f4 Bg7 5. Nf3 O-O 6. Be3 Nbd7 7. Qd2 Ng4 8.
O-O-O Nxe3 9. Qxe3 c6 10. h4 h5 11. Be2 Qb6 12. Rd3 c5 13. dxc5 Nxc5 14. Rd2
Nb3+ 15. cxb3 Qxe3 16. Nd5 Qxe4 17. Re1 Bf5 18. Nc3 Bxc3 19. Bd3 Bxd2+ 20. Nxd2
Qxe1+ 21. Kc2 Rac8+ 22. Nc4 Qe2+ 23. Kc3 Qxd3+ 0-1

[Event "SG Porz - SC 1975 Paimar"]
[Site "Dittrichshuette"]
[Date "2004.12.29"]
[Round "4.1"]
[White "Segeritz, Philipp"]
[Black "Schehl, Michael"]
[Result "1-0"]
[WhiteElo "1572"]
[BlackElo "1401"]
[PlyCount "60"]
[EventDate "2004.??.??"]

1. e4 d5 2. exd5 Qxd5 3. Nc3 Qa5 4. Bc4 c6 5. d4 Nf6 6. Nge2 Bf5 7. Bf4 e6 8.
a3 Qd8 9. Qd2 Bd6 10. Bg5 h6 11. Bh4 Be7 12. Ng3 g5 13. Nxf5 exf5 14. Bg3 f4
15. O-O-O fxg3 16. fxg3 O-O 17. Kb1 b5 18. Bb3 b4 19. axb4 Bxb4 20. h4 Ne4 21.
Qe3 Re8 22. Nxe4 Be7 23. Qf3 Rf8 24. hxg5 Bxg5 25. Rh5 Kg7 26. Nxg5 hxg5 27.
Rdh1 Nd7 28. Rh7+ Kg8 29. Rh8+ Kg7 30. R1h7+ Kg6 1-0

[Event "SG Porz - SC 1975 Paimar"]
[Site "Dittrichshuette"]
[Date "2004.12.29"]
[Round "4.3"]
[White "Hehn, Nicolas"]
[Black "Senay, Baris"]
[Result "1-0"]
[WhiteElo "1539"]
[BlackElo "1278"]
[PlyCount "71"]
[EventDate "2004.??.??"]

1. e4 e5 2. d3 Nc6 3. g3 g6 4. Bg2 Bg7 5. Nf3 Nge7 6. O-O O-O 7. Nbd2 d6 8. c3
f5 9. Ng5 Rb8 10. Qb3+ d5 11. exd5 Na5 12. Qb5 h6 13. Qxa5 hxg5 14. Qxa7 Bd7
15. Qc5 Kh7 16. Nf3 g4 17. Ng5+ Kh8 18. Qc4 Qe8 19. Qxc7 f4 20. d6 Ng8 21. Bxb7
Rf5 22. Ne4 g5 23. f3 gxf3 24. g4 Rf7 25. Nxg5 Rf6 26. Bxf3 Qg6 27. h4 Bxg4 28.
Bxg4 Qxd3 29. Bf3 Rg6 30. Qc6 Nf6 31. d7 e4 32. Qc8+ Rxc8 33. dxc8=Q+ Ng8 34.
Qf5 Rxg5+ 35. hxg5 exf3 36. Qxd3 1-0